000 00296nam a22001337a 4500
008 170808b xxu||||| |||| 00| 0 eng d
020 _a9780735609006
041 _aeng
080 _a004
100 _a35
101 _aSHK
245 _aVISUAL BASIC 6.0 DEVELOPMENT
_cCANADY,T
942 _2udc
_cBK
999 _c22893
_d22893